Elements of Workshop Technology (Record no. 65)

MARC details
000 -LEADER
Fixed length control field 00662nam a2200229 4500
003 - CONTROL NUMBER IDENTIFIER
Control field SEACOMEC
005 - DATE AND TIME OF LATEST TRANSACTION
Control field 20240401131810.0
008 - FIXED-LENGTH DATA ELEMENTS--GENERAL INFORMATION
Fixed length control field 231004b |||||||| |||| 00| 0 eng d
020 ## - INTERNATIONAL STANDARD BOOK NUMBER / ISBN
Price Rs. 180.00
040 ## - CATALOGING SOURCE
Original cataloging agency SEACOMEC
082 ## - DEWEY DECIMAL CLASSIFICATION NUMBER
Classification number 631.304
Book Number H154
100 1# - MAIN ENTRY--PERSONAL NAME
Personal name Hajra Choudhury, S. K.
245 1# - TITLE STATEMENT
Title Elements of Workshop Technology
Statement of responsibility S. K. Hajra Choudhury, A.K. Hajra Choudhury and Nirjhar Roy
250 ## - EDITION STATEMENT
Edition statement 13th Ed
260 ## - IMPRINT
Place of publication Mumbai
Name of publisher Media Promoters
Date of publication 2005
300 ## - PHYSICAL DESCRIPTION
Page / Vol. No vol-1
650 ## - SUBJECT ADDED ENTRY--TOPICAL TERM
Topical term Technology
650 ## - SUBJECT ADDED ENTRY--TOPICAL TERM
Topical term Specific techniques; apparatus, equipment, materials
700 1# - ADDED ENTRY--PERSONAL NAME
Personal name Hajra Choudhury, A.K.
700 1# - ADDED ENTRY--PERSONAL NAME
Personal name Roy, Nirjhar
942 ## - ADDED ENTRY ELEMENTS (KOHA)
Koha item type Books
Holdings
Withdrawn status Lost status Source of classification Damaged status Not for loan Home library Current library Date acquired Total Checkouts Call number Accession number Date last seen Price effective from Koha item type Copy number
    Dewey Decimal Classification     SEACOM ENGINEERING COLLEGE SEACOM ENGINEERING COLLEGE 01/04/2024   631.304 H154 4531 01/04/2024 01/04/2024 Books  
    Dewey Decimal Classification     SEACOM ENGINEERING COLLEGE SEACOM ENGINEERING COLLEGE 01/04/2024   631.304 H154 4532 01/04/2024 01/04/2024 Books 1
    Dewey Decimal Classification     SEACOM ENGINEERING COLLEGE SEACOM ENGINEERING COLLEGE 01/04/2024   631.304 H154 4533 01/04/2024 01/04/2024 Books 2
    Dewey Decimal Classification     SEACOM ENGINEERING COLLEGE SEACOM ENGINEERING COLLEGE 01/04/2024   631.304 H154 4534 01/04/2024 01/04/2024 Books 3
    Dewey Decimal Classification     SEACOM ENGINEERING COLLEGE SEACOM ENGINEERING COLLEGE 01/04/2024   631.304 H154 4535 01/04/2024 01/04/2024 Books 4
    Dewey Decimal Classification     SEACOM ENGINEERING COLLEGE SEACOM ENGINEERING COLLEGE 01/04/2024   631.304 H154 4536 01/04/2024 01/04/2024 Books 5
    Dewey Decimal Classification     SEACOM ENGINEERING COLLEGE SEACOM ENGINEERING COLLEGE 01/04/2024   631.304 H154 4537 01/04/2024 01/04/2024 Books 6
    Dewey Decimal Classification     SEACOM ENGINEERING COLLEGE SEACOM ENGINEERING COLLEGE 01/04/2024   631.304 H154 4538 01/04/2024 01/04/2024 Books 7
    Dewey Decimal Classification     SEACOM ENGINEERING COLLEGE SEACOM ENGINEERING COLLEGE 01/04/2024   631.304 H154 4539 01/04/2024 01/04/2024 Books 8
    Dewey Decimal Classification     SEACOM ENGINEERING COLLEGE SEACOM ENGINEERING COLLEGE 01/04/2024   631.304 H154 4540 01/04/2024 01/04/2024 Books 9
© Seacom Engineering College, All rights reserved.      Powered by Koha